Le Moniteur Expert (Record no. 119763)

MARC details
000 -LEADER
fixed length control field 00557cam a2200169 4500
001 - CONTROL NUMBER
control field WS110502
008 - FIXED-LENGTH DATA ELEMENTS--GENERAL INFORMATION
fixed length control field 000000n 000 0 eng u
035 ## - SYSTEM CONTROL NUMBER
System control number (Sirsi) u110502
245 ## - TITLE STATEMENT
Title Le Moniteur Expert
520 ## - SUMMARY, ETC.
Summary, etc. Construction portal set up by the leading provider of construction magazines and information in France.
650 ## - SUBJECT ADDED ENTRY--TOPICAL TERM
Topical term or geographic name entry element FRANCE
650 ## - SUBJECT ADDED ENTRY--TOPICAL TERM
Topical term or geographic name entry element EUROPE
650 ## - SUBJECT ADDED ENTRY--TOPICAL TERM
Topical term or geographic name entry element INTERNATIONAL
690 ## - LOCAL SUBJECT ADDED ENTRY--TOPICAL TERM (OCLC, RLIN)
Topical term or geographic name as entry element BUILT ENVIRONMENT
856 40 - ELECTRONIC LOCATION AND ACCESS
Uniform Resource Identifier <a href="https://www.lemoniteur-expert.com">https://www.lemoniteur-expert.com</a>
Public note View the website free of charge at www.lemoniteur-expert.com...
942 ## - ADDED ENTRY ELEMENTS (KOHA)
Suppress in OPAC 0
Holdings
Withdrawn status Lost status Source of classification or shelving scheme Damaged status Not for loan Home library Current library Shelving location Date acquired Total Checkouts Full call number Barcode Date last seen Copy number Price effective from Koha item type
    Dewey Decimal Classification     Virtual Virtual Online 24/01/2001   WEB SITE 110502-2001 06/08/2019 1 06/08/2019 Online material